| LEADER 00000nam 2200000uu 4500 |
| 001 213377 |
| 003 ULIBM |
| 008 230625s||||||||th 000 0 tha d |
| 020 ^a9786167174020
|
| 050 4 ^aBQ5630.V5^bบ273ป 2565
|
| 100 ^aพระธรรมวิสุทธิมงคล (บัว ญาณสัมปันโน)
|
| 245 10 ^aปฏิปทา พระธุดงคกรรมฐาน สายพระอาจารย์มั่น ภูริทัตโต /^cเรียบเรียงโดย พระธรรมวิสุทธิมงคล (บัว ญาณสัมปันโน)
|
| 260 ^aกรุงเทพฯ:^bศิลป์สยามบรรจุภัณฑ์และการพิมพ์ จำกัด,^c2565[2022]
|
| 300 ^a358 หน้า: ^bภาพประกอบ(ภาพสีบางภาพ); ^c21 ซม.
|
| 650 4 ^aพระอาจารย์มั่น ภูริทัตโต
|
| 650 4 ^aพระธุดงค์
|
| 650 4 ^aวิปัสสนากรรมฐาน
|
| 650 4 ^aธรรมะ
|
| 999 ^aใช้งานได้ทุกระบบ
|